000 00629nam a2200277Ia 4500
005 20260324135239.0
008 008 260324s9999 xx 000 0 eng d
020 _a9780203450369
037 _aEBOOK
040 _aCRL
040 _beng
040 _cCRL
041 _2eng
041 _aeng
084 _qCRL
100 _aE.A. Fagan; T.J. Harrison
_91199889
245 0 _aViral Hepatitis
260 _bTaylor and Francis
260 _c2000
365 _a
365 _b630
856 _uhttp://www.taylorfrancis.com/books/9780203450369
942 _cEBOOK
999 _c1800756
_d1800756